Films d’animation divers en emojis (3) - Statistiques

Statistiques générales
  • Ce quiz a été pris 47 fois
  • Le résultat moyen est 10 sur 26
Statistiques - réponses
Hint Réponse % Correct
👱🏻‍♀️🧹🐁🎃👗👠🕛 Cendrillon
83%
👦🏻🧞‍♂️🕌 Aladdin
80%
🦊🏹🎯🐻💰💰🏰 Robin des bois
80%
🚘😀⚡️9️⃣5️⃣ Cars
78%
🐶⚪️⚫️1️⃣0️⃣1️⃣ Les 101 dalmatiens
78%
🐱🐈🐈🐈 Les aristochats
66%
👦🏿🎹🎶🎷 Soul
66%
🧙‍♂️🪄👜🦉👦🏼👑🏰 Merlin l’enchanteur
54%
🐔🐓👩‍🌾😡 Chicken run
46%
🧒🏻🦕🏞 Le voyage d’Arlo
41%
🐟🐠🐟🦈🦈 Gang de requins
39%
🐧🐧🐧🐧🏝 Les pingouins de madagascar
37%
👩🏻‍🦰💃🩰✉️👯‍♀️🗼 Ballerina
27%
🐔🕶🏞🛸 Chicken little
27%
🦝🦫🐢🏡 Nos voisins, les hommes
27%
👩🏻‍🦱🐉🗡 Raya et le dernier dragon
27%
🤖⚙️🔧🔩 Robots
27%
👩🏻‍🦱🌸🎵👨‍👩‍👧‍👦✨️ Encanto
22%
👨🏿‍🦱🕷➡️🦸🕸 Spider-man new generation
22%
👩‍🎤👩‍🎤👩‍🎤🗡🎶👹🐱 Kpop demon hunters
15%
😈🟩👁🏫 Monstres academy
10%
🐶🤓🧠🧒🏻⌛️ Mr peabody et Sherman
10%
🦸‍♂️🩲 Capitaine superslip
5%
🦆🐤🐤🐤 Migrations
5%
🎄🎅👨‍👩‍👧‍👦 Mission Noël
2%
🐱🐶🌃 Dogman
0%
Aucun quiz correspondant
Distribution des résultats
% des personnes avec chaque résultat
Percentile par nombre de réponses
Votre historique - résultats
Vous n’avez pas pris ce quiz